| 000 | 00781nam a2200253 i 4500 | ||
|---|---|---|---|
| 001 | bg | ||
| 100 | 1 |
_aLUBELSKI, Karol _d(1917-1987) |
|
| 245 | 1 | 0 |
_aTablice pomocnicze do ćwiczeń z elektrotechniki teoretycznej / _cKarol Lubelski. |
| 250 | _aWyd. 2. | ||
| 260 |
_aCzęstochowa : _bWydaw. PC, _c1998. |
||
| 300 |
_a55 s. : _brys., wykr. ; _c24 cm. |
||
| 490 | 1 |
_aSkrypty Politechniki Częstochowskiej, _x1234-9909 ; _v14 |
|
| 504 | _aBibliogr. s. 55. | ||
| 650 | 9 |
_aElektrotechnika _xteoria |
|
| 655 | _aTablice i wzory | ||
| 830 |
_aSkrypty Politechniki Częstochowskiej, _x1234-9909 ; |
||
| 020 | _a8371930240 | ||
| 040 | _cBPK | ||
| 041 | 0 | _apl | |
| 080 | _a621.3(083)(075.8) | ||
| 920 | _a83-7193-024-0 | ||
| 942 | _cKS | ||
| 008 | s pl f |000 0 pol | ||
| 999 |
_c37834 _d37834 |
||
| 856 |
_uhttp://koha.tu.koszalin.pl/cgi-bin/koha/opac-detail.pl?biblionumber=37834 _yKatalog online BPK |
||